Normal view
MARC view
Entry Personal Name
001 - CONTROL NUMBER
- control field: 17723
003 - CONTROL NUMBER IDENTIFIER
- control field: BD-RjUL
005 - DATE AND TIME OF LATEST TRANSACTION
- control field: 20260216142734.0
008 - FIXED-LENGTH DATA ELEMENTS
- fixed length control field: 260216|| aca||aabn | a|a d
040 ## - CATALOGING SOURCE
- Original cataloging agency: BD-RjUL
- Transcribing agency: BD-RjUL
100 ## - HEADING--PERSONAL NAME
- Personal name: Escobar, Luis A.
670 ## - SOURCE DATA FOUND
- Source citation: Work cat.: (BD-RjUL)86177: Meeker, William Q., author. 17722, Statistical methods for reliability data /